| 000 | 00573nam a2200121Ia 4500 | ||
|---|---|---|---|
| 008 | 220620s9999||||xx |||||||||||||| ||und|| | ||
| 100 | _aRoseneil, Sasha||Crowhurst, Isabel||Hellesund, Tone||Santos, Ana Cristina||Stoilova, Mariya | ||
| 245 | 4 |
_aThe Tenacity of the Couple-Norm _bIntimate citizenship regimes in a changing Europe |
|
| 546 | _aEnglish[eng] | ||
| 650 | _acouple-norm||gender||sexuality||queer studies||Europe||intimacy||citizenship||sociology||social policy | ||
| 856 | _uhttps://library.oapen.org/bitstream/20.500.12657/51786/1/9781787358898.pdf | ||
| 942 | _cEB | ||
| 999 |
_c24888 _d24888 |
||